01092 a2200193 4500003000500000005001700005010001300022020001500035040000900050082001700059100002100076245005400097250001100151260002600162300002800188505062600216600002100842650003500863Nust20221223114628.0 a66016127 a9971512351 cNust a621.3851,KUO aKuo, Franklin F. aNetwork analysis and synthesis /cFranklin F. Kuo a2nd ed aWileybNew Yorkc1966 axvii, 515pbillusc24cm aSignal and Systems (Page-1), Signals and Waveforms (Page-20), The Frequency Domain: Fourier Analysis (Page-46), Differential Equations (Page-75),Network s Analysis: 1 (Page-100), The Laplace Transform (Page-134),Transform Method in Network Analysis (Page-175), Amplitude, Phase and Delay (Page-212), Network Analysis: 2 (Page-253), Elements of Realizability Theory (Page-290), Synthesis of One Port Networks with Two Kinds of Elements (Page-315), Elements of Transfer Functions Synthesis (Page-341), Topics in Filter Design (Page-365), The Scattering Matrix (Page-413), Computer Techniques in Circuit Analysis (Page-438). aKuo, Franklin F. aNetwork analysis and synthesis